00434 2200181 4500001002100000005001500021035002000036245002300056100001400079300001700093700001400110260004800124082000800172084001400180020001800194600001400212990002600226INLIS00000000000044620251103022628 a0010-11250000251 aKomet /cTere Liye0 aTere Liye a384 ;c20 cm0 aTere Liye aJakarta :bPT Gramedia Pustaka Utama,c2019 a813 a813 TER k a9786020385945 4aTere Liye a2019/SMKMIRI/2252/001